00366nam a22001337a 450000500170000000800410001704100120005808200120007010000120008224500350009426000460012930000310017565000260020620241101085127.0241101b |||||||| |||| 00| 0 eng d aEnglish a349 LAW lEnglish aThe Law Reports: Appeal Cases  aLondon: bWilliam Clowes and Sons, c1885 bxxii, 836 pages; c26 cm.  aLegal practice bLaw